000 00415nam a2200169Ia 4500
008 230516s9999 xx 000 0 und d
041 _aeng
082 _a615.3201
_bZAF
100 _aZAFAR, RASHEEDUZ
245 _aMEDICINAL PLANTS OF INDIA
260 _bC.B.S. PUBLISHERS & DISTRUTORS
_c2000
300 _a132
365 _h20
500 _aPB
520 _aPGY
650 _aPHARMACOGNOSY & PHYTHOCHEMISTRY
999 _c363458
_d363458